000
00311nam a2200121Ia 4500
008
220216s9999 xx 000 0 und d
100
_a
Thomas V
245
0
_a
Onnam vayasil pidichu kettuka: Rubber nervazhikkakum
260
_b
Malayala Manorama
_c
2010
650
_a
Rubber
856
_u
News Paper
942
_c
JS
999
_c
64391
_d
64391